|
|
|
|
| LEADER |
00000cam a2200000 7i4500 |
| 001 |
0000004961 |
| 002 |
000005349 |
| 005 |
20000330.0 |
| 020 |
|
|
|a 0713724137
|
| 090 |
0 |
0 |
|a 796.342
|b LEE
|
| 100 |
1 |
|
|a Lee, Simon
|
| 245 |
1 |
0 |
|a Play the game :
|b tennis
|c Simon Lee ; foreword by David Lloyd
|
| 260 |
|
|
|a London :
|b Ward Lock ,
|c 1993
|
| 300 |
|
|
|a 80p. ;
|c 20cm.
|
| 650 |
0 |
0 |
|a Tennis
|
| 700 |
1 |
|
|a Lloyd, David
|
| 999 |
|
|
|a 00069106
|b BUKU
|c PINJAMAN
|e PERPUSTAKAAN KOMUNITI PETALING JAYA
|
| 999 |
|
|
|a 033146
|b BUKU
|c PINJAMAN
|e PERPUSTAKAAN KOMUNITI PETALING JAYA
|
| 999 |
|
|
|a 033147
|b BUKU
|c PINJAMAN
|e PERPUSTAKAAN KOMUNITI PETALING JAYA
|